000 00980nam a2200265Ia 4500
000 nam a22 i 4500
001 UNACH-12287
007 ta
008 221212s ||||fr|||| 00| | spa d
041 0 _aspa
082 0 4 _a415
_bVerbos - Gramática Lingüistica
100 1 _aEspinoza, Manuel,
_eautor
245 1 0 _aMANUAL DE ORTOGRAFÍA PRÁCTICA
264 3 1 _a[Quito] :
_aEcuador :
_bDIMAXI,
_c2001
300 _a182 páginas :
_bilustraciones, fotografías
336 _atexto
_btxt
_2rdacontent
337 _ano mediado
_bn
_2rdamedia
338 _avolumen
_bnc
_2rdacarrier
504 _aincluye índice
505 0 _auna vocación de escritor.-- la acentuación.-- tilde enfática.-- tilde diacrítica.-- agrupación de palabras.-- ortografía de las letras.-- ortografía de los números.-- signos de puntuación.-- uso de las mayúsculas.-- palabras unidas y separadas
650 1 4 _aORTOGRAFÍA
650 2 4 _aORTOGRAFIA DE LA X
942 _2ddc
_c1
_n0
999 _c9557
_d9557